Statistics for Dragon Ball Z - 25th World Martial Arts Tournament Competitors

Click here to take the quiz!

General Stats

  • This quiz has been taken 147 times
  • The average score is 12 of 24

Answer Stats

DivisionResultFighter% Correct
JuniorWinnerTrunks
95%
JuniorRunner-UpGoten
94%
AdultResignedGoku
93%
AdultWinnerMr. Satan
92%
AdultResignedVegeta
86%
AdultResignedGreat Saiyaman
81%
AdultContestantVidel
81%
AdultForfeitedMa Jr.
80%
AdultRunner-UpAndroid 18
79%
AdultResignedKrillin
75%
AdultResignedShin
63%
AdultResignedSpopovich
59%
AdultResignedKibito
57%
AdultDisqualifiedMighty Mask
53%
AdultResignedYamu
48%
AdultBattle RoyaleJewel
25%
AdultBattle RoyaleKilla
19%
AdultContestantPintar
19%
JuniorContestantIdasa
14%
JuniorContestantIkose
10%
JuniorContestantKoryuu
6%
JuniorContestantMooki
6%
JuniorContestantPyonatt
6%
JuniorContestantWebley
6%

Score Distribution

Percentile by Number Answered

Percent of People with Each Score

Your Score History

You have not taken this quiz